000
00288nam a22001337a 4500
005
20250826103550.0
008
180727b xxu||||| |||| 00| 0 eng d
022
_a
0970-CMPDI7204
110
_a
CMPDI
_9
8643
245
_a
MINETECH
260
_a
RANCHI
_b
CMPDI
300
_a
56
942
_c
JRL
999
_c
5724
_d
5722